ARMAS Y POLITICA EN AMERICA LATINA/
TRADUCCION DE: ARMS AND POLITICS IN LATIN AMERICA
I tiakina i:
| Kaituhi matua: | |
|---|---|
| Hōputu: | Pukapuka |
| Rangatū: | ENSAYOS;
9 |
| Ngā marau: | |
| Ngā Tūtohu: |
MARC
| LEADER | 00000nam^a2200000^a^4500 | ||
|---|---|---|---|
| 001 | 000226058 | ||
| 005 | 20250521000000.0 | ||
| 009 | 20260310104151.326 | ||
| 035 | |a 044921 | ||
| 037 | |a Acervo Xavier Clavigero | ||
| 082 | |a 320. 98 LIE | ||
| 100 | |a Lieuwen, Edwin |e (autor) | ||
| 245 | 1 | 0 | |a ARMAS Y POLITICA EN AMERICA LATINA/ |c EDWIN LIEUWEN; TR. CELIA PASCHERO |
| 264 | |a BUENOS AIRES : |b SUR, |c 1960 | ||
| 300 | |a 361p. | ||
| 336 | |a texto |b txt |2 rdacontenido | ||
| 337 | |a sin mediación |b n |2 rdamedio | ||
| 338 | |a volumen |b nc |2 rdasoporte | ||
| 440 | |a ENSAYOS; |v 9 | ||
| 520 | |a TRADUCCION DE: ARMS AND POLITICS IN LATIN AMERICA | ||
| 520 | |a INDICE | ||
| 649 | |a XX | ||
| 650 | |a Política - |z Iberoamérica | ||
| 650 | |a Armamento | ||
| 910 | |a Fondo General | ||
| 920 | |a Impresos - Libros | ||
| 930 | |a Colección General | ||
| 905 | |a 101 | ||
| 901 | |a 044921 |b IT1 |c ACC |i 044921 |u 20250521 | ||
| 902 | |a https://opac.biblio.iteso.mx/vufind/Record/000226058 | ||